Mathematics dictionary. (4th ed.) (Record no. 50693)

MARC details
000 -LEADER
fixed length control field 00677nam a2200193 a 4500
008 - FIXED-LENGTH DATA ELEMENTS--GENERAL INFORMATION
fixed length control field 120416s1976 ||||||||||||||||| || u
020 ## - INTERNATIONAL STANDARD BOOK NUMBER
International Standard Book Number 0442240910
050 ## - LIBRARY OF CONGRESS CALL NUMBER
Classification number QA 5 MAT
100 ## - MAIN ENTRY--PERSONAL NAME
Personal name James, Glenn
245 10 - TITLE STATEMENT
Title Mathematics dictionary. (4th ed.)
Statement of responsibility, etc. edited by Glenn James
250 ## - EDITION STATEMENT
Edition statement 4th ed.
260 ## - PUBLICATION, DISTRIBUTION, ETC.
Place of publication, distribution, etc. New York
Name of publisher, distributor, etc. Van Nostrand Reinhold
Date of publication, distribution, etc. 1976
300 ## - PHYSICAL DESCRIPTION
Extent vii, 509p. : ill.
350 ## - PRICE (NR) (BK AM CF MU VM SE) [OBSOLETE]
Price 0.00
650 ## - SUBJECT ADDED ENTRY--TOPICAL TERM
Topical term or geographic name entry element Mathematics - Dictionaries - Polyglot
650 #0 - SUBJECT ADDED ENTRY--TOPICAL TERM
Topical term or geographic name entry element MATHEMATICS--HANDBOOKS, MANUALS, ETC
650 ## - SUBJECT ADDED ENTRY--TOPICAL TERM
Topical term or geographic name entry element DICTIONARIES, POLYGLOT
995 ## - RECOMMENDATION 995 [LOCAL, UNIMARC FRANCE]
-- 0.00
-- CBU-MAIN LIBRARY (Kitwe)
-- 1
-- 30.70
-- 1
-- REFERENCE
-- Reference Collection
Holdings
Withdrawn status Lost status Source of classification or shelving scheme Damaged status Not for loan Home library Current library Shelving location Date acquired Total Checkouts Full call number Barcode Date last seen Price effective from Koha item type
          CBU-MAIN LIBRARY, KITWE. CBU-MAIN LIBRARY, KITWE.   11/30/2022   QA 5 MAT 022698 11/30/2022 11/30/2022 MONOGRAPH